Matchy-Matchy Vocabulary Quiz Stats

 Plays Quiz Updated Mar 30, 2018

Score 0/25 Timer 01:30
0 Plays Today
% Correct
Chit
96.1%
Criss
96.1%
Flip
96%
Hocus
95.9%
Itsy
95.9%
Artsy
94.8%
Chop
94.7%
Heebie
94.7%
Ping
94.7%
Mumbo
94.2%
Goody
94%
Helter
93.6%
Hodge
93.2%
% Correct
Aye
93.1%
Super
93.1%
Mish
92.7%
Dilly
92.7%
Nitty
92.6%
Willy
91.8%
Pitter
91.5%
Hoity
91.5%
Higgledy
91%
Namby
90.8%
Bow
89%
Rip
85.2%

You're not logged in!

Compare scores with friends on all Sporcle quizzes.
OR
Log In

Sporcle TV

Today on Sporcle TV


Watch our educational content, quiz creation guides, and fun videos on Sporcle TV.

Show Comments

Extras

Top Quizzes Today


Score Distribution

Your Account Isn't Verified!

In order to create a playlist on Sporcle, you need to verify the email address you used during registration. Go to your Sporcle Settings to finish the process.

Report this User

Report this user for behavior that violates our Community Guidelines.

Details: